Дело о продолжении производства бывшей классной даме Патриотического института Софии Френц пенсии по 58 рублей серебром, которую...

Доступно только в Электронных читальных залах Найти на картеНа карте
RUSMARC
00003667nmc2a22002413x 450
00182e97a86-a1de-4882-b2ca-2f585ab79439
00520241228041353.0
100##$a20240930l18621862k l0rusy0189 ca
1010#$arus
102##$aRU
105##$ay###
1222#$ad
2001#$aДело о продолжении производства бывшей классной даме Патриотического института Софии Френц пенсии по 58 рублей серебром, которую она получала из сумм в бозе почившей императрицы Александры Феодоровны
$j15-28 сентября 1862 г.
215##$a12 л.
$d36,5х26 см
251##$cДело
300##$aДело
371##$aДокумент не является опубликованным и широко распространяемым
461#0$100108cd6ec2-be9a-457f-a0b6-fa449e506316
$12001
$aКанцелярия Министерства Императорского двора
$1251
$cФонд
$1852
$j472
462#0$10015265e818-b7f3-4da1-9e39-1aec072863ce
$12001
$aКанцелярия Министерства Императорского двора
$1251
$cОпись
$1852
$j9
801#0$aRU
$bРГИА
$c20240930
$gRCR
801#1$aRU
$bГлавНИВЦ
$c20240930
$2rusmarc
801#2$aRU
$bПБ им. Б.Н. Ельцина
$c20241228
$gRCR
$2rusmarc
850##$aРГИА
852##$aРГИА
$eФедеральное казенное учреждение "Российский государственный исторический архив" (РГИА)
$j325
937##$hРГИА
$d12412586
$aASBIBLIO_SCAN
035##$aRusGRCC00081426
856##$uhttp://readingroom.main.prlib.ru/item.aspx?id_node=n195714764&mode=full
Формат отображения